Filme mit Julia Roberts - Sudden Death - Statistiken

Allgemein
  • Dieses Quiz wurde 238 mal gespielt
  • Das Durchschnittsergebnis liegt bei 7 aus 20
Answers on the Grid
Answers color-coded by a green-red scale on the quiz's grid according to % correct below.
Pizza Pizza - Ein Stück vom Himmel
Magnolien aus Stahl
Pretty Woman
St. Elmo's Fire - Die Leidenschaft brennt tief
Flatliners
Der Feind in meinem Bett
Pretty in Pink
Sixteen Candles - Das darf man nur als Erwachsener
Die Akte
Ferris macht Blau
Die Hochzeit meines besten Freundes
Fletschers Visionen
Igby goes Down
Meine liebe Rabenmutter
Bad Teacher
Starman
Seite an Seite
Notting Hill
Star Trek : Nemesis
Ocean's Eleven
To Rome with Love
Valentinstag
Mona Lisas Lächeln
Der Krieg des Charlie Wilson
Du schon wieder
Wunder
Kick-Ass
Das Mercury Puzzle
Moon 44
Money Monster
Vor ihren Augen
Die Maske
Eat Pray Love
Duplicity - Gemeinsame Geheimsache
Morbius
Larry Crowne
 
Antwortstatistiken
Antwort % Korrekt
Pretty Woman
86%
Notting Hill
82%
Die Hochzeit meines besten Freundes
68%
Ocean's Eleven
63%
Mona Lisas Lächeln
57%
Eat Pray Love
54%
Der Feind in meinem Bett
51%
Die Akte
42%
Flatliners
36%
Fletschers Visionen
35%
Magnolien aus Stahl
35%
Seite an Seite
24%
Pizza Pizza - Ein Stück vom Himmel
22%
Wunder
22%
Valentinstag
15%
Der Krieg des Charlie Wilson
10%
Duplicity - Gemeinsame Geheimsache
8%
Larry Crowne
8%
Money Monster
7%
Vor ihren Augen
7%
Keine übereinstimmenden Quizze gefunden
Verteilung der Resultate
Anzahl Personen mit jedem Resultat
Perzentil nach korrekt beantworteten Fragen
Ihre Resultats-Entwicklung
Sie haben dieses Quiz noch nicht gespielt